| 000 | 02079cam a22004814i 4500 | ||
|---|---|---|---|
| 003 | PE-LiUPU | ||
| 005 | 20250731173411.0 | ||
| 008 | 150706s1994 arua r 000 0 spa d | ||
| 020 | _a1882846052 | ||
| 035 | _a(Sirsi) i9781882846054 | ||
| 040 |
_aPE-LiUPU _bspa _cPE-LiUPU _erda |
||
| 049 | _aPRUA | ||
| 082 | 0 | 4 |
_a230.67 _bT.787 _221 |
| 100 | 1 |
_aTreiyer, Alberto R., _eautor. |
|
| 245 | 1 | 4 |
_aLas promesas gloriosas del santuario : _bcon historias e ilustraciones / _cAlberto Ricardo Treiyer. |
| 264 | 1 |
_aSiloam Springs, AR : _bCreation Enterprises International, _c1994. |
|
| 300 |
_a206 páginas : _bilustraciones ; _c23 centímetros |
||
| 336 |
_atext _2rdacontent |
||
| 337 |
_aunmediated _2rdamedia |
||
| 338 |
_avolume _2rdacarrier |
||
| 500 | _a"Seminario 1" dato tomado de la portada. | ||
| 505 | 0 | _aEl templo en el cual pronto adoraremos -- El templo en el que Dios quiere habitar hoy -- La contaminación del Santuario, y los sacrificios -- La paradoja del evangelio en sombras -- Liberación de la carga del pecado -- La contaminación del Santuario, y la pena de muerte -- El misterioso macho cabrio Azazel -- Lecciones del arca de pacto -- Proceso judicial cósmico -- El descenso de la gloria prometida. | |
| 526 | _aSEG42 | ||
| 526 | _aSEG41 | ||
| 526 | _aSEG40 | ||
| 526 | _aSEG39 | ||
| 526 | _aP94 | ||
| 526 | _aP87 | ||
| 526 | _aP86 | ||
| 526 | _aP85 | ||
| 526 | _aP77 | ||
| 526 | _aP76 | ||
| 526 | _aP35 | ||
| 630 |
_aBiblia. _pA.T. _xEstudio, interpretación, etc. |
||
| 650 | 0 | 4 |
_aSantuario _vLibros de texto. |
| 650 | 0 | 4 |
_aAdventistas del Séptimo Día _xDoctrinas. |
| 942 |
_2ddc _cBOOK |
||
| 949 |
_a230.67 T.787 _wDEWEY _c1 _i65416 _lCCODEBUL1 _mBUL _r0 _sY _tBOOK _u2015-7-6 _xBIBLIOTECA _zUNKNOWN _o.STAFF. Colección Teología |
||
| 994 |
_aC0 _bPEPRU |
||
| 596 | _a1 | ||
| 999 |
_a230.6732 T79 1 _wDEWEY _c52902 _i64058 _d52902 _e2018-10-1 _f2021-11-9 _g5 _lCCODEBUL1 _mBUL _n3 _p14.00 _q9 _r0 _sY _tBOOK _u2015-7-6 _xTEOLOGIA _PP35 _0COMPRA _o.STAFF. Colección Teología |
||
| 980 |
_81 _gALBERTO SANCHEZ Responsable de Automatización |
||